Państwa, które wygrały Eurowizję - Statystyki

Ogólne statystyki
  • Ten quiz został rozwiązany 86 razy
  • Średni wynik to 12 z 15
Statystyki odpowiedzi
Liczba Wygranych Państwo % Poprawnych
7 Szwecja
94%
2 Niemcy
93%
3 Ukraina
92%
5 Wielka Brytania
90%
5 Francja
88%
3 Włochy
88%
2 Hiszpania
86%
7 Irlandia
83%
3 Norwegia
83%
5 Holandia
82%
2 Szwajcaria
81%
3 Dania
75%
2 Austria
72%
4 Izrael
68%
5 Luksemburg
61%
Nie znaleziono quizów pasujących do podanych kryteriów
Rozkład punktacji
Procent ludzi z każdym wynikiem
Percentyl według liczby udzielonych odpowiedzi
Twoja historia wyników
Nie rozwiązałeś tego quizu